| 000 | 00767nam a22002651i 4500 | ||
|---|---|---|---|
| 001 | bimo0000774679 | ||
| 003 | OSt | ||
| 005 | 20130531142832.0 | ||
| 008 | 900725s1977 sp spa | ||
| 017 |
_aM 23838-1977 _bOficina Depósito Legal Madrid |
||
| 020 | _a84-239-1607-3 | ||
| 035 | _aIND9100227310 | ||
| 035 | _a(OCoLC)431503483 | ||
| 040 |
_aSpMaBN _bspa _cA2 |
||
| 041 | 1 | _aspa | |
| 082 | _a909.07 | ||
| 100 |
_aDeschamps, Paul _9705 |
||
| 245 | 1 | 0 |
_aEn tiempo de las Cruzadas _cPaul Deschamps ; [traducción del francés por Gloria Alonso de Jáuregui] |
| 260 | 0 |
_aMadrid _bEspasa-Calpe _c1977 |
|
| 300 |
_a234 p. _c18 cm |
||
| 490 | 0 |
_aAustral _v1607 |
|
| 650 |
_9707 _aCruzadas |
||
| 700 |
_9708 _aAlonso de Jáuregui, Gloria |
||
| 942 |
_2ddc _cBK |
||
| 999 |
_c600 _d600 |
||